Catálogo
 En Linea

The birds of Haiti and Dominicana Republic. / (Registro nro. 30227)

Detalles MARC
000 -CABECERA
campo de control de longitud fija 00733nam a2200193 a 4500
001 - NÚMERO DE CONTROL
campo de control 000030735
005 - FECHA Y HORA DE LA ÚLTIMA TRANSACCIÓN
campo de control 20200930062459.0
008 - DATOS DE LONGITUD FIJA--INFORMACIÓN GENERAL
campo de control de longitud fija 110526s1931 xxu 000 0 spa d
040 ## - FUENTE DE LA CATALOGACIÓN
Centro catalogador/agencia de origen DO-SdBNP
Lengua de catalogación eng
Centro/agencia transcriptor BNPHU
082 ## - NÚMERO DE LA CLASIFICACIÓN DECIMAL DEWEY
Número de clasificación xxxx
Número de documento/Ítem W541
100 1# - ENTRADA PRINCIPAL--NOMBRE DE PERSONA
Nombre de persona Wetmore, Alexander,
Fechas asociadas al nombre 1886-1978.
9 (RLIN) 57312
245 10 - MENCIÓN DE TÍTULO
Título The birds of Haiti and Dominicana Republic. /
Mención de responsabilidad, etc. Alexander Wetmore and Bradshaw H. Swales.
260 ## - PUBLICACIÓN, DISTRIBUCIÓN, ETC.
Lugar de publicación, distribución, etc. Washington :
Nombre del editor, distribuidor, etc. United States Government Printing Office,
Fecha de publicación, distribución, etc. 1931.
300 ## - DESCRIPCIÓN FÍSICA
Extensión 483 p.
490 1# - MENCIÓN DE SERIE
Mención de serie Smithsonian Institution. United States National museum. Bulletin 155
504 ## - NOTA DE BIBLIOGRAFÍA, ETC.
Nota de bibliografía, etc. Bibliography: p. 446-458
700 1# - PUNTO DE ACCESO ADICIONAL--NOMBRE DE PERSONA
Nombre de persona Swales, Bradshaw Hall,
Fechas asociadas al nombre 1875
9 (RLIN) 57313
810 1# - PUNTO DE ACCESO ADICIONAL DE SERIE--NOMBRE DE ENTIDAD CORPORATIVA
Nombre de entidad corporativa o nombre de jurisdicción como elemento de entrada United States.
Unidad subordinada National Museum
Título de la obra Bulletin
Designación de volumen o secuencia 155
9 (RLIN) 57314
Existencias
Estado de retiro Estado de pérdida Restricciones de uso No para préstamo Código de colección Localización permanente Ubicación/localización actual Ubicación en estantería Fecha de adquisición Número de inventario Total de préstamos Signatura topográfica completa Código de barras Fecha visto por última vez Precio válido a partir de Tipo de ítem Koha
        Monografías: Libros y Folletos Patrimonio Dominicano Patrimonio Dominicano Orden iniciada 26.05.2011 LF1   xxxx W541 30735-10 25.06.2020 25.06.2020 No se presta

Con tecnología Koha